MARC детайли
| 000 -Лидер |
| Контролно поле с фиксирана дължина |
02771nam a2200577 c 4500 |
| 003 - Код на организацията, давaща контролен номер |
| Контролно поле |
BLK |
| 005 - Дата и час на последна редакция |
| Контролно поле |
20230731153459.0 |
| 008 - Елементи от данни с фиксирана дължина |
| fixed length control field |
180409b bul|||||r ||||||| ||bul|| |
| 010 ## - Наследен системен номер |
| LC control number |
KNG00122926000 |
| 040 ## - Източник на каталожния запис |
| Идентификатор на билиотеката - собственик на записа |
BLK |
| 041 ## - Код за език |
| Код за езика на текст/звукозапис или на отделно заглавие |
Български |
| Код за езика КДБФ |
Български |
| 080 ## - УДК |
| Текстов определител УДК |
Музиканти-творци, композитори |
| УДК код - определител по УДК |
78.071.1 |
| УДК определител |
(497.2)((092) |
| УДК - код + определител |
78.071.1(497.2)((092) |
| 080 ## - УДК |
| Текстов определител УДК |
Биографии |
| УДК код - определител по УДК |
929 |
| УДК определител |
(497.2) |
| УДК - код + определител |
929(497.2) |
| 100 ## - Редна дума - Автор |
| Автор |
Кръстев, Венелин Георгиев |
| Дати, свързани с автора |
1919-2015 |
| R(LIN) |
429750 |
| 139 ## - Редно поле |
| Редна дума |
Кръстев, Венелин Георгиев |
| Авторски знак |
Кръ - К 92 |
| 245 10 - Сведения за заглавието |
| Заглавие |
Профили |
| Подзаглавни данни |
Кн. 1 - |
| Редно поле (дума) |
Венелин Георгиев Кръстев. |
| Том |
Кн. 2 |
| Заглавие на том |
Студии - есета за 15 български композитори |
| 257 ## - Страна на издаване |
| Страна на създаване/издаване |
България |
| 260 ## - Област на издателските данни |
| Име на издателя, разпространителя и проч. |
Музика |
| Година на издаване |
1976 - |
| Печатница |
За том: Ямбол : Г. Димитров |
| Място на издаване, разпространение и проч. |
София |
| 300 ## - Физическа характеристика |
| Размери/Мащаб |
20 см |
| 380 ## - Жанр |
| Жанр |
Изкуство |
| 600 14 - Име на лице, използвано като предмет |
| За него / За нея |
Войников, Добри Попов |
| 9 (RLIN) |
376508 |
| 600 14 - Име на лице, използвано като предмет |
| За него / За нея |
Букурещлиев, Ангел |
| 9 (RLIN) |
315184 |
| 600 14 - Име на лице, използвано като предмет |
| За него / За нея |
Пипков, Панайот Христов |
| 9 (RLIN) |
315016 |
| 600 14 - Име на лице, използвано като предмет |
| За него / За нея |
Хаджигеоргиев, Димитър Хаджигенчев |
| 9 (RLIN) |
315185 |
| 600 14 - Име на лице, използвано като предмет |
| За него / За нея |
Кръстев, Александър Георгиев |
| 9 (RLIN) |
315186 |
| 600 14 - Име на лице, използвано като предмет |
| За него / За нея |
Морфов, Александър Василев |
| 9 (RLIN) |
315187 |
| 600 14 - Име на лице, използвано като предмет |
| За него / За нея |
Горанов, Георги |
| 9 (RLIN) |
315005 |
| 600 14 - Име на лице, използвано като предмет |
| За него / За нея |
Атанасов, Никола Китанов |
| 9 (RLIN) |
315188 |
| 600 14 - Име на лице, използвано като предмет |
| За него / За нея |
Митов, Милан Цолов |
| 9 (RLIN) |
315189 |
| 600 14 - Име на лице, използвано като предмет |
| За него / За нея |
Карастоянов, Асен Павлов |
| 9 (RLIN) |
376509 |
| 600 14 - Име на лице, използвано като предмет |
| За него / За нея |
Икономов, Боян Георгиев |
| 9 (RLIN) |
315190 |
| 600 14 - Име на лице, използвано като предмет |
| За него / За нея |
Ненов, Димитър Стефанов |
| 9 (RLIN) |
310029 |
| 600 14 - Име на лице, използвано като предмет |
| За него / За нея |
Димитров, Георги Димитров |
| 9 (RLIN) |
303527 |
| 600 14 - Име на лице, използвано като предмет |
| За него / За нея |
Златев-Черкин, Георги |
| 9 (RLIN) |
315139 |
| 600 14 - Име на лице, използвано като предмет |
| За него / За нея |
Цанков, Йосиф Иванов |
| 9 (RLIN) |
315191 |
| 650 #4 - Допълнително описание по предмет – тема |
| Основно описание – тема или топоним |
Музика - България - история |
| 9 (RLIN) |
261617 |
| 650 #4 - Допълнително описание по предмет – тема |
| Основно описание – тема или топоним |
Композитори - биографии |
| 9 (RLIN) |
246095 |
| 651 #4 - Допълнително описание по предмет - топоним |
| Географско понятие |
България |
| 9 (RLIN) |
241624 |
| 653 ## - Ключова дума – ненормативна |
| Ключова дума |
композитори |
| 653 ## - Ключова дума – ненормативна |
| Ключова дума |
биографии |
| 653 ## - Ключова дума – ненормативна |
| Ключова дума |
история на музиката |
| 653 ## - Ключова дума – ненормативна |
| Ключова дума |
България |
| 760 1# - Описание на основната серия |
| Редна дума на основното описание |
Кръстев, Венелин Георгиев |
| Място на издаване, издател и година |
1981 |
| Страници - том |
267 с. : с портр. |
| Заглавие |
Кн. 2 Студии - есета за 15 български композитори |
| 852 ## - Местоположение |
| Форматна сигнатура |
Цб 83512 |
| 856 4# - Електронен адрес и достъп |
| Електронен формат |
pdf - файл |
| Инструкция (цена за достъп) |
0.00 |
| Права за достъп |
disable |
| 856 4# - Електронен адрес и достъп |
| Електронен формат |
pdf - файл |
| Инструкция (цена за достъп) |
0.00 |
| Права за достъп |
disable |
| 999 ## - СИСТЕМНИ КОНТРОЛНИ НОМЕРА |
| Koha biblionumber |
117340 |
| Koha biblioitemnumber |
117340 |
| 942 ## - АРТИКУЛИ |
| Вид на библиотечния материал |
Книги |
| Скрит в OPAC |
Не |
| Koha issues (borrowed), all copies |
3 |
| Периодичен библиозапис |
Да |
| 944 ## - СЪЗДАВАНЕ И РЕДАКЦИЯ на ЗАПИСА |
| Създаване/Редакция |
Създаване |
| Дата на регистрацията/редакция |
18.04.2011 |
| Статус, дата на статуса |
Теодора Пейчева-Дянкова |
| Служител, извършил регистрацията/редакцията |
30556 |
| 944 ## - СЪЗДАВАНЕ И РЕДАКЦИЯ на ЗАПИСА |
| Създаване/Редакция |
Редакция |
| Дата на регистрацията/редакция |
21.07.2015 |
| Статус, дата на статуса |
добави в АБ / 16.04.2011 |
| Служител, извършил регистрацията/редакцията |
Ирена_Линкова |
| 999 ## - СИСТЕМНИ КОНТРОЛНИ НОМЕРА |
| Koha biblioitemnumber |
117340 |